02064nam a2200349 i 4500003000900000005001700009007000300026008004100029020001800070040003000088082002200118100004200140245012200182264007000304300002700374336002700401337003300428338002800461504003100489520058600520590002701106650007301133650004501206650005301251700005801304710003801362856011901400910001401519942001401533952015001547999001701697DO-SdBNP20260526192941.0ta250224t2012 dr 001 0 spa d z9789993448365 aDO-SdBNPbspacBNPHUerda a371.36bC436a2231 aChaljub, Jeanetteeautor4aut.98703110aAprendizaje colaborativo :bde la teoría a la práctica /cJeanette Chaljub ; prólogo, Margarita Heinsen Guerra  4aSanto Domingo, República Dominicana :bEditorial UNIBE,c©2012 a166 páginas ;c23 cm atextobtxt2rdacontent asin mediaciónbn2rdamedia avolumenbnc2rdacarrier aBibliografía p: 153-166. aEsta publicación tiene el propósito de ofrecer a docentes de los distintos niveles educativos, así como a personas interesadas, un material sencillo que oriente la implementación de la estrategia de aprendizaje colaborativo, mediante explicaciones y ejemplos. La autora, docente de la Universidad Iberoamericana (Unibe), sustenta dichas estrategias en la teoría, explicando el enfoque constructivista sociocultural de manera clara, compartiendo técnicas ya probadas e invitando al lector a conocer y aplicar esta metodología para mejorar la calidad de la educación. aInventariado, 2025/ YL 7aMétodo de aprendizaje en equipo en la educación2librunam989768 7aMétodos de enseñanza2librunam92196 7aConstructivismo (Educación)2librunam 989769 aHeinsen Guerra, Margarita eprologuista4prol.972793 aUniversidad Iberoamericana936529 uhttps://repositorio.unibe.edu.do/bitstreams/8ad50914-e1d0-4d11-92a0-6867decb3efc/downloadyAcceso a texto completo aYLockward 2ddccLBS1 00102ddc51708PDaBNPHUbBNPHUcCTd2024-07-18eDonado por Claro Dominicanal0oBNPHU PD 371.36 C436ap2025-1188r2025-02-24w2025-02-24yLBS1 c58196d58196